00504nam a2200145Ia 4500003000900000008004100009040003300050041000800083080001400091100002100105245013200126246005900258260002600317300001500343LK-CoDNM010623t2010 xxu||||| |||| 00| 1 sin d aLK-CoDNMdLK-CoDNMeLK-CoDNM asin aX82.9 THI aThilakasiri,Siri aපුරාතන සිංහල ගද්‍ය සාහිත්‍ය සංග්‍ර‍හ විමර්ෂණය aPurathana Sinhala Gadya Sahithya Sangraha Vimarshanaya bGodageaColomboc2010 b170, 21 cm